Library Banner

Corporate reporting [ACCA, study text, BPP. 2016] / (Record no. 85826)

MARC details
000 -LEADER
fixed length control field 00393nam a2200157Ia 4500
001 - CONTROL NUMBER
control field 72873
008 - FIXED-LENGTH DATA ELEMENTS--GENERAL INFORMATION
fixed length control field 160428s9999 xx 000 0 und d
020 ## - INTERNATIONAL STANDARD BOOK NUMBER
International Standard Book Number 9781472726603
040 ## - CATALOGING SOURCE
Transcribing agency PK-LaUMT
082 ## - DEWEY DECIMAL CLASSIFICATION NUMBER
Classification number 657.3
Item number ACCA-P2
245 ## - TITLE STATEMENT
Title Corporate reporting [ACCA, study text, BPP. 2016] /
260 ## - PUBLICATION, DISTRIBUTION, ETC. (IMPRINT)
Place of publication, distribution, etc London:
Name of publisher, distributor, etc BPP Learning Media,
Date of publication, distribution, etc 2015
300 ## - PHYSICAL DESCRIPTION
Extent 688 p.
546 ## - LANGUAGE NOTE
Language note EN
942 ## - ADDED ENTRY ELEMENTS (KOHA)
Koha item type Books
Holdings
Withdrawn status Lost status Damaged status Not for loan Home library Current library Date acquired Total Checkouts Full call number Barcode Date last seen Date checked out Price effective from Koha item type
        UMT Main Campus UMT Main Campus 2016-04-28 1 657.3 ACCA-P2 99845 2019-09-16 2018-10-30 2016-04-28 Books